<?xml version="1.0" encoding="UTF-8"?>
<record
    xmlns:xsi="http://www.w3.org/2001/XMLSchema-instance"
    xsi:schemaLocation="http://www.loc.gov/MARC21/slim http://www.loc.gov/standards/marcxml/schema/MARC21slim.xsd"
    xmlns="http://www.loc.gov/MARC21/slim">

  <leader>02827ngm a2200481   4500</leader>
  <controlfield tag="003">dpl</controlfield>
  <controlfield tag="005">20081121170348.0</controlfield>
  <controlfield tag="007">DVD </controlfield>
  <controlfield tag="008">||||||sp199   xxu|||||c |||  00| 0 ng d </controlfield>
  <datafield tag="010" ind1=" " ind2=" ">
    <subfield code="a">DVD-001321 DVD-001684 &amp; DVD-004740-4742 &amp; DVD-005665-5666</subfield>
  </datafield>
  <datafield tag="024" ind1=" " ind2=" ">
    <subfield code="a">SHE DVD 031</subfield>
    <subfield code="c">169.00</subfield>
  </datafield>
  <datafield tag="035" ind1=" " ind2=" ">
    <subfield code="a">DVD-001321 </subfield>
  </datafield>
  <datafield tag="035" ind1=" " ind2=" ">
    <subfield code="a">DVD-001684</subfield>
  </datafield>
  <datafield tag="035" ind1=" " ind2=" ">
    <subfield code="a">DVD-004740-4742</subfield>
  </datafield>
  <datafield tag="035" ind1=" " ind2=" ">
    <subfield code="a">DVD-005665-5666</subfield>
  </datafield>
  <datafield tag="040" ind1=" " ind2=" ">
    <subfield code="a">DPL</subfield>
    <subfield code="c">DPL</subfield>
  </datafield>
  <datafield tag="082" ind1=" " ind2=" ">
    <subfield code="a">DVD / JABJ</subfield>
  </datafield>
  <datafield tag="245" ind1=" " ind2=" ">
    <subfield code="a">Jab Jab Phool Khile</subfield>
    <subfield code="c">Hiren Khera Presents</subfield>
    <subfield code="h">[videorecording] DVD/</subfield>
  </datafield>
  <datafield tag="260" ind1=" " ind2=" ">
    <subfield code="b">Shemaroo Video Pvt. Ltd.</subfield>
  </datafield>
  <datafield tag="300" ind1=" " ind2=" ">
    <subfield code="a">1 videodisc DVD; (148 min.) :</subfield>
    <subfield code="b">sd., col. ;</subfield>
    <subfield code="c">4 3/4 in.</subfield>
    <subfield code="f">DVD</subfield>
  </datafield>
  <datafield tag="440" ind1=" " ind2=" ">
    <subfield code="a">Shemaroo Home Entertainment</subfield>
  </datafield>
  <datafield tag="538" ind1=" " ind2=" ">
    <subfield code="a">Dolby Digital 5.1 - Hindi Subtitles: English, Tamil, Telugu and Bengali</subfield>
  </datafield>
  <datafield tag="538" ind1=" " ind2=" ">
    <subfield code="a">Anamorphic Wide Screen Format, Presented 2:35.1 Aspect Ratio Enhancaead for 16:9 Wide Screen</subfield>
  </datafield>
  <datafield tag="650" ind1=" " ind2=" ">
    <subfield code="a">Motion Picture</subfield>
  </datafield>
  <datafield tag="700" ind1=" " ind2=" ">
    <subfield code="a">Chetan</subfield>
  </datafield>
  <datafield tag="700" ind1=" " ind2=" ">
    <subfield code="a">Suraj Prakash</subfield>
  </datafield>
  <datafield tag="700" ind1=" " ind2=" ">
    <subfield code="a">Kalyan Ji Anand JI</subfield>
  </datafield>
  <datafield tag="700" ind1=" " ind2=" ">
    <subfield code="a">Kapoor, Shashi</subfield>
  </datafield>
  <datafield tag="700" ind1=" " ind2=" ">
    <subfield code="a">Nanda</subfield>
  </datafield>
  <datafield tag="700" ind1=" " ind2=" ">
    <subfield code="a">Agha</subfield>
  </datafield>
  <datafield tag="700" ind1=" " ind2=" ">
    <subfield code="a">Baby Farida</subfield>
  </datafield>
  <datafield tag="942" ind1=" " ind2=" ">
    <subfield code="c">CF</subfield>
    <subfield code="2">ddc</subfield>
    <subfield code="h">DVD</subfield>
    <subfield code="m">JABJ</subfield>
  </datafield>
  <datafield tag="999" ind1=" " ind2=" ">
    <subfield code="c">19007</subfield>
    <subfield code="d">19007</subfield>
  </datafield>
  <datafield tag="952" ind1=" " ind2=" ">
    <subfield code="0">0</subfield>
    <subfield code="1">0</subfield>
    <subfield code="2">ddc</subfield>
    <subfield code="4">0</subfield>
    <subfield code="7">0</subfield>
    <subfield code="a">L</subfield>
    <subfield code="b">L</subfield>
    <subfield code="d">2008-11-21</subfield>
    <subfield code="e">Purchase</subfield>
    <subfield code="g">169.00</subfield>
    <subfield code="l">33</subfield>
    <subfield code="m">3</subfield>
    <subfield code="o">DVD JABJ</subfield>
    <subfield code="p">DVD-001321</subfield>
    <subfield code="r">2018-09-24 00:00:00</subfield>
    <subfield code="s">2018-09-10</subfield>
    <subfield code="t">1</subfield>
    <subfield code="v">169.00</subfield>
    <subfield code="w">2008-11-21</subfield>
    <subfield code="y">CF</subfield>
  </datafield>
  <datafield tag="952" ind1=" " ind2=" ">
    <subfield code="0">0</subfield>
    <subfield code="1">0</subfield>
    <subfield code="2">ddc</subfield>
    <subfield code="4">0</subfield>
    <subfield code="7">0</subfield>
    <subfield code="a">ZLS</subfield>
    <subfield code="b">ZLS</subfield>
    <subfield code="d">2008-12-30</subfield>
    <subfield code="e">Purchase</subfield>
    <subfield code="g">169.00</subfield>
    <subfield code="l">11</subfield>
    <subfield code="o">DVD JABJ</subfield>
    <subfield code="p">DVD-001684</subfield>
    <subfield code="r">2014-05-23 00:00:00</subfield>
    <subfield code="s">2014-05-15</subfield>
    <subfield code="t">1</subfield>
    <subfield code="v">169.00</subfield>
    <subfield code="w">2008-12-30</subfield>
    <subfield code="y">CF</subfield>
  </datafield>
  <datafield tag="952" ind1=" " ind2=" ">
    <subfield code="0">0</subfield>
    <subfield code="1">0</subfield>
    <subfield code="2">ddc</subfield>
    <subfield code="4">0</subfield>
    <subfield code="7">0</subfield>
    <subfield code="a">JP</subfield>
    <subfield code="b">JP</subfield>
    <subfield code="d">2009-11-18</subfield>
    <subfield code="e">Pioneers/885/29-10-09/325/13-10-09 /06-11-09 </subfield>
    <subfield code="g">169.00</subfield>
    <subfield code="l">8</subfield>
    <subfield code="o">DVD JABJ</subfield>
    <subfield code="p">DVD-004740</subfield>
    <subfield code="r">2017-04-03 00:00:00</subfield>
    <subfield code="s">2017-03-20</subfield>
    <subfield code="t">1</subfield>
    <subfield code="v">169.00</subfield>
    <subfield code="w">2009-11-18</subfield>
    <subfield code="y">CF</subfield>
  </datafield>
  <datafield tag="952" ind1=" " ind2=" ">
    <subfield code="0">0</subfield>
    <subfield code="1">0</subfield>
    <subfield code="2">ddc</subfield>
    <subfield code="4">0</subfield>
    <subfield code="7">0</subfield>
    <subfield code="a">RKP</subfield>
    <subfield code="b">RKP</subfield>
    <subfield code="d">2009-11-18</subfield>
    <subfield code="e">Pioneers/885/29-10-09/325/13-10-09 /06-11-09 </subfield>
    <subfield code="g">169.00</subfield>
    <subfield code="l">0</subfield>
    <subfield code="o">DVD JABJ</subfield>
    <subfield code="p">DVD-004741</subfield>
    <subfield code="r">2009-11-18 00:00:00</subfield>
    <subfield code="t">1</subfield>
    <subfield code="v">169.00</subfield>
    <subfield code="w">2009-11-18</subfield>
    <subfield code="y">CF</subfield>
  </datafield>
  <datafield tag="952" ind1=" " ind2=" ">
    <subfield code="0">0</subfield>
    <subfield code="1">0</subfield>
    <subfield code="2">ddc</subfield>
    <subfield code="4">0</subfield>
    <subfield code="7">0</subfield>
    <subfield code="a">VP</subfield>
    <subfield code="b">VP</subfield>
    <subfield code="d">2009-11-18</subfield>
    <subfield code="e">Pioneers/885/29-10-09/325/13-10-09 /06-11-09 </subfield>
    <subfield code="g">169.00</subfield>
    <subfield code="l">1</subfield>
    <subfield code="o">DVD JABJ</subfield>
    <subfield code="p">DVD-004742</subfield>
    <subfield code="r">2010-10-18 00:00:00</subfield>
    <subfield code="s">2010-10-04</subfield>
    <subfield code="t">1</subfield>
    <subfield code="v">169.00</subfield>
    <subfield code="w">2009-11-18</subfield>
    <subfield code="y">CF</subfield>
  </datafield>
  <datafield tag="952" ind1=" " ind2=" ">
    <subfield code="0">0</subfield>
    <subfield code="1">0</subfield>
    <subfield code="2">ddc</subfield>
    <subfield code="4">0</subfield>
    <subfield code="7">0</subfield>
    <subfield code="a">BL3</subfield>
    <subfield code="b">BL3</subfield>
    <subfield code="d">2010-02-12</subfield>
    <subfield code="e">Pioneers/948/17-11-09/325/13-10-09 /30-11-09 </subfield>
    <subfield code="g">169.00</subfield>
    <subfield code="l">5</subfield>
    <subfield code="o">DVD JABJ</subfield>
    <subfield code="p">DVD-005665</subfield>
    <subfield code="r">2012-03-12 00:00:00</subfield>
    <subfield code="s">2012-03-04</subfield>
    <subfield code="t">1</subfield>
    <subfield code="v">169.00</subfield>
    <subfield code="w">2010-02-12</subfield>
    <subfield code="y">CF</subfield>
  </datafield>
  <datafield tag="952" ind1=" " ind2=" ">
    <subfield code="0">0</subfield>
    <subfield code="1">0</subfield>
    <subfield code="2">ddc</subfield>
    <subfield code="4">0</subfield>
    <subfield code="7">0</subfield>
    <subfield code="a">NR</subfield>
    <subfield code="b">NR</subfield>
    <subfield code="d">2010-02-12</subfield>
    <subfield code="e">Pioneers/948/17-11-09/325/13-10-09 /30-11-09 </subfield>
    <subfield code="g">169.00</subfield>
    <subfield code="l">5</subfield>
    <subfield code="m">1</subfield>
    <subfield code="o">DVD JABJ</subfield>
    <subfield code="p">DVD-005666</subfield>
    <subfield code="r">2013-03-28 00:00:00</subfield>
    <subfield code="s">2013-03-09</subfield>
    <subfield code="t">1</subfield>
    <subfield code="v">169.00</subfield>
    <subfield code="w">2010-02-12</subfield>
    <subfield code="y">CF</subfield>
  </datafield>
</record>
